• 首页
  • 本馆介绍
  • 公告通知
  • 最新文献
  • 馆藏检索
  • 电子资源
  • 读者导购
  • 参考咨询
  • 我的图书馆
  • 登录
  • 详细信息显示
  • 放入我的书架
  • 预约/预借图书
  • 作者相关作品
  • 分类相关作品
  • 丛书相关作品
  • 出版社相关作品

书目信息

  • 表格格式
  • 工作单格式
  • 卡片格式
题名:
大家气象
    
 
作者: 贾德江 主编 ;卜登科 绘
分册: 第2辑   卜登科作品
出版信息: 北京   北京工艺美术出版社  2013
页数: 40页
开本: 38cm
丛书名: 48元系列丛书
单 册:
中图分类: J221 , J222.76
科图分类:
主题词: 绘画--作品集--中国--现代 , 山水画--作品集--中国--现代 , 绘画 , 山水画
电子资源:
ISBN: 978-7-5140-0352-9
000 00818nam0 2200289 450
001 006847002
005 20140612091646.37
010    @a978-7-5140-0352-9@dCNY48.00,CNY240.00(全5册)
100    @a20131021d2013 em y0chiy0110 ea
101 0  @achi
102    @aCN@b110000
105    @aa z 000yy
106    @ad
200 1  @a大家气象@9da jia qi xiang@h第2辑@i卜登科作品@f贾德江主编
210    @a北京@c北京工艺美术出版社@d2013
215    @a40页@d38cm
225 1  @a48元系列丛书
606 0  @a绘画@x作品集@y中国@z现代
606 0  @a山水画@x作品集@y中国@z现代
606 0  @a绘画
606 0  @a山水画
690    @aJ221@v5
690    @aJ222.76@v5
701  0 @a贾德江@9jia de jiang@f(1947~)@4主编
702  0 @a卜登科@9bu deng ke@f(1975~)@4绘
801  0 @aCN@bNLC@c20131115
905    @b549768-70@dJ221@e152:1@f3
    
    大家气象.第2辑.卜登科作品/贾德江主编.-北京:北京工艺美术出版社,2013
    40页;38cm.-(48元系列丛书)
    
    
    ISBN 978-7-5140-0352-9:CNY48.00,CNY240.00(全5册)
    
●
相关链接 在E读中查询图书 在五车中查询图书 在当当中查询图书 在豆瓣中查询图书


正题名:大家气象     索取号:J221/152:1         预约/预借

序号 登录号 条形码 馆藏地/架位号 状态 备注
1 549768   205497684   第一样本阅览室/ [索取号:J221/152:1] 在馆    
2 549769   205497693   第一借阅区/ [索取号:J221/152:1] 在馆    
3 549770   205497700   第一借阅区/ [索取号:J221/152:1] 在馆    
唐山师范学院图书馆 欢迎您!
大连网信软件有限公司© 版权所有